Señales y sistemas continuos y discretos

Αποθηκεύτηκε σε:
Λεπτομέρειες βιβλιογραφικής εγγραφής
Κύριοι συγγραφείς: Soliman, Samir S (Συγγραφέας), Srinath, Mandyam D (Συγγραφέας)
Μορφή: Βιβλίο
Γλώσσα:Ισπανικά
Έκδοση: Madrid, España Prentice Hall 1999
Έκδοση:2a. edición
Θέματα:
Διαθέσιμο Online:Disponible Online
Ετικέτες: Προσθήκη ετικέτας
Δεν υπάρχουν, Καταχωρήστε ετικέτα πρώτοι!

MARC

LEADER 00000nam a2200000 a 4500
001 UCO8577
003 CL-VaPUC
005 20240624132325.0
008 001215e19990000SP |||||||||||||||||spa|d
999 |c 293153  |d 293151 
040 |c Pontificia Universidad Católica de Valparaíso 
082 0 4 |a 621.3822 SOL 1999  |2 21 
100 0 |a Soliman, Samir S  |e author  |9 453509 
245 1 0 |a Señales y sistemas continuos y discretos 
250 |a 2a. edición 
260 |a Madrid, España  |b Prentice Hall  |c 1999 
300 |a 542 páginas  
583 |a last modification  |c 20001215 00:00:00  |k Rodrigo Vera 
650 0 |a Números complejos  |9 270335 
650 0 |a Relaciones matemáticas  |2 CL-VaPUC  |9 359925 
650 0 |a Series de Fourier  |9 260465 
650 0 |a Transformada de Fourier  |2 CL-VaPUC  |9 425331 
650 0 |a Transformada de Laplace  |9 422308 
700 0 |a Srinath, Mandyam D  |e author  |9 453510 
856 |u http://bibliografiadigital.pucv.cl.pucv.idm.oclc.org/index.php/bibliotecapucv/catalog/book/520  |y Disponible Online  
942 |c BK  |2 ddc 
945 |d 20001215 00:00:00  |a vberengu 
952 |0 0  |1 0  |2 ddc  |4 0  |6 621_382200000000000_SOL_1999  |7 0  |8 A  |9 344423  |a BIBING  |b BIBING  |c RES  |d 2019-11-20  |i 3674088  |l 1  |o 621.3822 SOL 1999  |p 3674088  |r 2025-03-10  |s 2025-03-10  |w 2019-11-20  |y BK  |k EIE 
952 |0 0  |1 0  |2 ddc  |4 0  |6 621_382200000000000_SOL_1999  |7 0  |8 A  |9 344424  |a BIBING  |b BIBING  |c RES  |d 2019-11-20  |i 3674096  |o 621.3822 SOL 1999  |p 3674096  |r 2025-01-20  |w 2019-11-20  |y BK  |k EIE 
952 |0 0  |1 0  |2 ddc  |4 0  |6 621_382200000000000_SOL_1999  |7 0  |8 A  |9 344425  |a BIBING  |b BIBING  |c RES  |d 2019-11-20  |i 3771822  |o 621.3822 SOL 1999  |p 3771822  |r 2025-01-20  |w 2019-11-20  |y BK  |k EIE 
952 |0 0  |1 0  |2 ddc  |4 0  |6 621_382200000000000_SOL_1999  |7 0  |8 A  |9 344426  |a BIBING  |b BIBING  |c RES  |d 2019-11-20  |i 3771830  |o 621.3822 SOL 1999  |p 3771830  |r 2025-01-20  |w 2019-11-20  |y BK  |k EIE 
952 |0 0  |1 0  |2 ddc  |4 0  |6 621_382200000000000_SOL_1999  |7 0  |8 A  |9 344430  |a BIBING  |b BIBING  |c RES  |d 2019-11-20  |i 3891550  |o 621.3822 SOL 1999  |p 3891550  |r 2025-01-20  |w 2019-11-20  |y BK  |k EIE 
952 |0 0  |1 0  |2 ddc  |4 0  |6 621_382200000000000_SOL_1999  |7 0  |8 A  |9 344431  |a BIBING  |b BIBING  |c RES  |d 2019-11-20  |i 3891569  |o 621.3822 SOL 1999  |p 3891569  |r 2025-01-20  |w 2019-11-20  |y BK  |k EIE 
952 |0 0  |1 0  |2 ddc  |4 0  |6 621_382200000000000_SOL_1999  |7 0  |8 A  |9 344433  |a BIBING  |b BIBING  |c RES  |d 2019-11-20  |i 3891585  |o 621.3822 SOL 1999  |p 3891585  |r 2025-01-20  |w 2019-11-20  |y BK  |k EIE 
952 |0 0  |1 0  |2 ddc  |4 0  |6 621_382200000000000_SOL_1999  |7 0  |8 A  |9 344434  |a BIBING  |b BIBING  |c RES  |d 2019-11-20  |i 3891844  |o 621.3822 SOL 1999  |p 3891844  |r 2025-01-20  |w 2019-11-20  |y BK  |k EIE 
952 |0 0  |1 0  |2 ddc  |4 0  |6 621_382200000000000_SOL_1999  |7 0  |8 A  |9 344435  |a BIBING  |b BIBING  |c RES  |d 2019-11-20  |i 3899144  |o 621.3822 SOL 1999  |p 3899144  |r 2025-01-20  |w 2019-11-20  |y BK  |k EIE 
952 |0 0  |1 0  |2 ddc  |4 0  |6 621_382200000000000_SOL_1999  |7 0  |8 A  |9 344436  |a BIBING  |b BIBING  |c RES  |d 2019-11-20  |i 3899152  |o 621.3822 SOL 1999  |p 3899152  |r 2025-01-20  |w 2019-11-20  |y BK  |k EIE 
952 |0 0  |1 0  |2 ddc  |4 0  |6 621_382200000000000_SOL_1999  |7 0  |8 A  |9 344437  |a BIBING  |b BIBING  |c RES  |d 2019-11-20  |i 3899160  |o 621.3822 SOL 1999  |p 3899160  |r 2025-01-20  |w 2019-11-20  |y BK  |k EIE 
952 |0 0  |1 0  |2 ddc  |4 0  |6 621_382200000000000_SOL_1999  |7 0  |8 A  |9 344438  |a BIBING  |b BIBING  |c RES  |d 2019-11-20  |i 3899179  |o 621.3822 SOL 1999  |p 3899179  |r 2025-01-20  |w 2019-11-20  |y BK  |k EIE 
952 |0 0  |1 0  |2 ddc  |4 0  |6 621_382200000000000_SOL_1999  |7 0  |8 A  |9 344439  |a BIBING  |b BIBING  |c RES  |d 2019-11-20  |i 3899187  |o 621.3822 SOL 1999  |p 3899187  |r 2025-01-20  |w 2019-11-20  |y BK  |k EIE 
952 |0 0  |1 0  |2 ddc  |4 0  |6 621_382200000000000_SOL_1999  |7 0  |8 A  |9 344441  |a BIBING  |b BIBING  |c RES  |d 2019-11-20  |i 3899209  |o 621.3822 SOL 1999  |p 3899209  |r 2025-01-20  |w 2019-11-20  |y BK  |k EIE 
952 |0 0  |1 0  |2 ddc  |4 0  |6 621_382200000000000_SOL_1999  |7 0  |8 A  |9 344442  |a BIBING  |b BIBING  |c RES  |d 2019-11-20  |i 3899217  |o 621.3822 SOL 1999  |p 3899217  |r 2025-01-20  |w 2019-11-20  |y BK  |k EIE 
952 |0 0  |1 0  |2 ddc  |4 0  |6 621_382200000000000_SOL_1999  |7 0  |8 A  |9 344443  |a BIBING  |b BIBING  |c RES  |d 2019-11-20  |i 3899225  |o 621.3822 SOL 1999  |p 3899225  |r 2025-01-20  |w 2019-11-20  |y BK  |k EIE 
952 |0 0  |1 0  |2 ddc  |4 0  |6 621_382200000000000_SOL_1999  |7 0  |8 A  |9 344444  |a BIBING  |b BIBING  |c RES  |d 2019-11-20  |i 3899586  |o 621.3822 SOL 1999  |p 3899586  |r 2025-01-20  |w 2019-11-20  |y BK  |k EIE 
952 |0 0  |1 0  |2 ddc  |4 0  |6 621_382200000000000_SOL_1999  |7 0  |8 A  |9 344445  |a BIBING  |b BIBING  |c RES  |d 2019-11-20  |i 3901076  |o 621.3822 SOL 1999  |p 3901076  |r 2025-01-20  |w 2019-11-20  |y BK  |k EIE 
952 |0 0  |1 0  |2 ddc  |4 0  |6 621_382200000000000_SOL_1999  |7 0  |8 A  |9 344446  |a BIBING  |b BIBING  |c RES  |d 2019-11-20  |i 3901084  |o 621.3822 SOL 1999  |p 3901084  |r 2025-01-20  |w 2019-11-20  |y BK  |k EIE 
952 |0 0  |1 0  |2 ddc  |4 0  |6 621_382200000000000_SOL_1999  |7 0  |8 A  |9 344448  |a BIBING  |b BIBING  |c RES  |d 2019-11-20  |i 3901106  |o 621.3822 SOL 1999  |p 3901106  |r 2025-01-20  |w 2019-11-20  |y BK  |k EIE 
952 |0 0  |1 0  |2 ddc  |4 0  |6 621_382200000000000_SOL_1999  |7 0  |8 A  |9 344449  |a BIBING  |b BIBING  |c RES  |d 2019-11-20  |i 391237K  |o 621.3822 SOL 1999  |p 391237K  |r 2025-01-20  |w 2019-11-20  |y BK  |k EIE 
952 |0 0  |1 0  |2 ddc  |4 0  |6 621_382200000000000_SOL_1999  |7 0  |8 A  |9 344450  |a BIBING  |b BIBING  |c RES  |d 2019-11-20  |i 3913848  |o 621.3822 SOL 1999  |p 3913848  |r 2025-01-20  |w 2019-11-20  |y BK  |k EIE 
952 |0 0  |1 0  |2 ddc  |4 0  |6 621_382200000000000_SOL_1999  |7 0  |8 A  |9 344451  |a BIBING  |b BIBING  |c RES  |d 2019-11-20  |i 3913856  |o 621.3822 SOL 1999  |p 3913856  |r 2025-01-20  |w 2019-11-20  |y BK  |k EIE